000 00783nam a2200205Ia 4500
999 _c38564
_d38564
003 GCL
005 20240530103327.0
008 140319s199؟ ua 000 0 ara d
040 _aGCL /
_cGCL
082 0 4 _a928.2/
_bأ ت
100 0 _aالسيد محمود شكرى الالوسى
245 1 0 _aتاريخ نجد /
_cتاليف السيد محمود شكرى الالوسى ؛ عنى بتحقيقة محمد بهجة الاثرى
260 _aالقاهرة :
_bمكتبة مدبولى،
_c[199-].
300 _a115 ص. ؛
_c16 سم.
630 0 _aمحمود شكرى الالوسى
650 0 7 _2qrmak
_aالادباء
_vتراجم
650 0 7 _2qrmak
_aالادب العربى
_xتاريخ ونقد
700 0 _aمحمد بهجة الاثرى
_eمحقق
942 _2ddc
_cBK